000
00314nam a2200109Ia 4500
008
200302s9999 xx 000 0 und d
100
_a
Robert H. Socolow & Others
245
_a
Annual Review of Energy and the Environment Vol 24
260
_b
Annual Reviews Palo Alto California
260
_c
1999
300
_a
720 P.,
999
_c
2061
_d
2061